|
|
|
|
| LEADER |
00000cam a2200000 a 4500 |
| 001 |
vtls008576877 |
| 003 |
SK-MaSNL |
| 005 |
20260301021446.0 |
| 008 |
240509s1998 xo oja grn 000 0dslo |
| 015 |
|
|
|a SNBA2023
|
| 020 |
|
|
|a 8096802852
|q (brožované)
|
| 035 |
|
|
|a SAVUKc168434
|
| 040 |
|
|
|a SNK
|b slo
|c SNK
|e AACR2
|
| 041 |
0 |
|
|a slo
|b ger
|
| 043 |
|
|
|a e-xo---
|
| 044 |
|
|
|a xo
|c SK
|
| 072 |
|
7 |
|a 911
|x Všeobecná geografia. Systematická geografia
|2 konspekt
|
| 080 |
|
|
|a 929-058.1
|2 2011
|
| 080 |
|
|
|a 911.375
|2 2011
|
| 080 |
|
|
|a (437.612)
|2 2011
|
| 080 |
|
|
|a (082.2)
|2 2011
|
| 245 |
0 |
0 |
|a Veľká 1268-1998
|b rozprávanie o ľuďoch, ktorí sa tu narodili, ale hlavne o tých, ktorí svojmu mestu život zasvätili
|c Darina Javorská ... [et al.]
|
| 250 |
|
|
|a [1. vyd.]
|
| 260 |
|
|
|a Poprad
|b Slza
|c 1998
|
| 300 |
|
|
|a 116 s.
|b fotografie, ilustrácie, genealogické tabuľky, erby
|c 21 cm
|
| 366 |
|
|
|e 2500 výtl.
|
| 500 |
|
|
|a Vydal Mestský úrad v Poprade - Obvodný výbor Poprad - Veľká
|
| 504 |
|
|
|a Obsahuje bibliografiu na s. 113-115
|
| 546 |
|
|
|a Resumé v nemčine
|
| 650 |
0 |
7 |
|a osobnosti
|2 SNKPH
|9 29820
|
| 650 |
0 |
7 |
|a Regional celebrities
|2 SNKPHeng
|9 266494
|
| 650 |
0 |
7 |
|a mestá
|2 SNKPH
|9 2929
|
| 650 |
0 |
7 |
|a Towns
|2 SNKPHeng
|9 270165
|
| 651 |
|
7 |
|a Veľká (Poprad, Slovensko)
|2 SNKPHgeo
|9 31782
|
| 651 |
|
7 |
|a Veľká (Poprad, Slovakia)
|2 SNKPHeng
|9 310449
|
| 655 |
|
7 |
|a jubilejné publikácie
|2 SNKPH
|9 70339
|
| 655 |
|
7 |
|a Jubilee books
|2 SNKPHeng
|9 281827
|
| 700 |
1 |
|
|a Javorská, Darina
|4 aut
|9 301771
|
| 919 |
|
|
|a 80-968028-5-2
|
| 954 |
|
|
|a odborná, vedecká literatúra pôvodná (slovenská)
|2 lita
|
| 958 |
|
|
|a EUIPO
|
| 958 |
|
|
|a OND
|
| 958 |
|
|
|a NB
|
| 958 |
|
|
|a SK
|
| 999 |
|
|
|c 565388
|d 567318
|
| 952 |
|
|
|a SNK
|b SNK
|y PREZ
|7 0
|p 17A0474992
|o snkSC 123882
|i snk2006/11171
|8 1
|0 0
|1 0
|4 0
|d 2006-06-02
|f 1
|l 0
|r 2025-06-05 00:00:00
|w 2026-02-23
|